| 000 | 00485nam a2200157 a 4500 | ||
|---|---|---|---|
| 001 | 000030179 | ||
| 005 | 20200930060117.0 | ||
| 008 | 110503s2009 dr 000 | spa d | ||
| 040 |
_aDO-SdBNP _bspa _cBNPHU |
||
| 082 |
_axxx _bA837e |
||
| 110 | 2 |
_aAsociación de Especialistas en Belleza de San Francisco de Macorís _956892 |
|
| 245 | 1 | 0 | _aEstatutos. |
| 260 |
_aSan Francisco de Macorís, República Dominicana : _bADEBESANFRA, _c[2009]. |
||
| 300 |
_a37 p. ; _c20 cm. |
||
| 049 | _aBNPD | ||
| 999 |
_c29671 _d29671 |
||